000 00582nam a2200205 a 4500
005 20210223124936.0
008 030514s2004 mx r 000 0 spa d
020 _a9685142394
035 _aUPN01000124177
049 _aI
050 4 _aQE704
_bA8.3
245 0 0 _aAves extintas /
_ced. Héctor Arita Watanabe.
260 _aMéxico :
_bCorreo del Maestro :
_bLa Vasija,
_cc2004.
300 _a48 p. :
_bil. col.
440 0 _aEspecies extintas
650 4 _aAVES EXTINTAS
_913878
650 4 _aPALEONTOLOGIA
_95271
700 1 _aArita Watanabe, Héctor,
_eed.
905 _aInfantil
999 _c96356
_d96356